书目信息 |
| 题名: |
中国常见外来水生动植物图鉴
|
|
| 作者: | 全国水产技术推广总站 , 中国水产学会组 编 | |
| 分册: | ||
| 出版信息: | 北京 中国农业出版社 2020.01 |
|
| 页数: | 255页 | |
| 开本: | 26cm | |
| 丛书名: | ||
| 单 册: | ||
| 中图分类: | Q958.8-64 | |
| 科图分类: | ||
| 主题词: | 外来种--Wai Lai Zhong--水生动物--中国--图集 , 外来种--Wai Lai Zhong--水生植物--中国--图集 | |
| 电子资源: | ||
| ISBN: | 978-7-109-25557-9 | |
| 000 | 01119nam0 2200253 450 | |
| 001 | 0109110141 | |
| 005 | 20201109110337.0 | |
| 010 | @a978-7-109-25557-9@dCNY168.00 | |
| 100 | @a20200622d2020 em y0chiy50 ea | |
| 101 | 0 | @achi |
| 102 | @aCN@b110000 | |
| 105 | @aa z 000yy | |
| 106 | @ar | |
| 200 | 1 | @a中国常见外来水生动植物图鉴@AZhong Guo Chang Jian Wai Lai Shui Sheng Dong Zhi Wu Tu Jian@f全国水产技术推广总站, 中国水产学会组编 |
| 210 | @a北京@c中国农业出版社@d2020.01 | |
| 215 | @a255页@c肖像, 照片@d26cm | |
| 330 | @a本书在广泛收集相关资料的基础上,归纳、整理了我国常见外来水生动植物,对其学名、英文名、分类检索信息、主要形态特征、引种来源、扩散途径、分布情况、养殖概况、栖息环境、生物学特征、可能存在的风险以及防控建议等进行了介绍。 | |
| 606 | 0 | @a外来种@AWai Lai Zhong@x水生动物@y中国@j图集 |
| 606 | 0 | @a外来种@AWai Lai Zhong@x水生植物@y中国@j图集 |
| 690 | @aQ958.8-64@v5 | |
| 701 | 0 | @a全国水产技术推广总站@AQuan Guo Shui Chan Ji Shu Tui Guang Zong Zhan@4编 |
| 701 | 0 | @a中国水产学会组@AZhong Guo Shui Chan Xue Hui Zu@4编 |
| 801 | 0 | @aCN@bBJSZM@c20201103 |
| 905 | @b1213681-2@dQ958.8-64@e289@f2 | |
| 中国常见外来水生动植物图鉴/全国水产技术推广总站, 中国水产学会组编.-北京:中国农业出版社,2020.01 |
| 255页:肖像, 照片;26cm |
| ISBN 978-7-109-25557-9:CNY168.00 |
| 本书在广泛收集相关资料的基础上,归纳、整理了我国常见外来水生动植物,对其学名、英文名、分类检索信息、主要形态特征、引种来源、扩散途径、分布情况、养殖概况、栖息环境、生物学特征、可能存在的风险以及防控建议等进行了介绍。 |
| ● |
| 相关链接 |
|
|
|
|
正题名:中国常见外来水生动植物图鉴
索取号:Q958.8-64/289
 
预约/预借
| 序号 | 登录号 | 条形码 | 馆藏地/架位号 | 状态 | 备注 |
| 1 | 1213681 | 212136810 | 第二样本阅览室/ [索取号:Q958.8-64/289] | 在馆 | |
| 2 | 1213682 | 212136829 | 第三借阅区/ [索取号:Q958.8-64/289] | 在馆 |